| 000 | 00771nam a22002177a 4500 | ||
|---|---|---|---|
| 003 | 0 | ||
| 005 | 20231023130428.0 | ||
| 008 | 231023b xxu||||| |||| 00| 0 eng d | ||
| 020 | _a978-1-265-04005-5 | ||
| 050 |
_a T 56 _b .H55 2023 |
||
| 100 | _aHillier, Frederick S. | ||
| 245 |
_aIntroduction to management science and business analytics : a modeling and case studies approach with spreadsheets _c Frederick S. Hillier |
||
| 250 | _aSeventh edition | ||
| 260 |
_aNew York _bMcGraw Hill LLC _cc2023. |
||
| 300 |
_axxv, 742 pages : _bcolored illustrations ; _c28 cm. |
||
| 500 | _aManagement science. | ||
| 504 | _aIncludes bibliographical references, glossary, index. | ||
| 650 | _aManagement science. | ||
| 650 | _aOperations research. | ||
| 942 |
_2lcc _cBK |
||
| 999 |
_c365545 _d365545 |
||